| 000 | 03280cam a2200733 a 4500 | ||
|---|---|---|---|
| 999 | _c55942 | ||
| 001 | 11654047 | ||
| 003 | LIBRIS | ||
| 005 | 20210215124837.0 | ||
| 008 | 091028s2010 sw |||||||||||000 0|swe| | ||
| 020 |
_a9789153435044 _qinb. |
||
| 035 | _a(Bo)453726 | ||
| 040 |
_aLGEN _dS _ea |
||
| 041 | _aswe | ||
| 082 | 0 | 4 |
_a645 _223/swe |
| 084 |
_aQcba _2kssb/8 |
||
| 084 |
_aP.09 _2kssb/8 |
||
| 100 | 1 |
_aSydquist, Anne, _d1961- _0https://libris.kb.se/31fjp0fm3gg30fc#it |
|
| 245 | 1 | 0 |
_aInred ute & inne : _binspirerande idéer till sommarstället / _c[Anne Sydquist & Lars G Henricson ; fotografier: Stellan Herner ...]. |
| 264 | 1 |
_aVästerås : _bIca, _c2010 |
|
| 264 | 3 | _aItalien | |
| 300 |
_a109 s. _bill. _c25 cm |
||
| 340 | _b25 cm | ||
| 650 | 7 |
_aInredning _0https://id.kb.se/term/sao/Inredning _2sao |
|
| 650 | 7 |
_aAmatör- och hobbyverksamhet _0https://id.kb.se/term/sao/Amat%C3%B6r-%20och%20hobbyverksamhet _2sao |
|
| 650 | 0 | _aInterior decoration | |
| 700 | 1 |
_aHenricson, Lars Gustaf, _d1946- _4aut |
|
| 700 | 1 |
_aHerner, Stellan, _d1960- _4pht _0https://libris.kb.se/20dhqs9l522vsp5#it |
|
| 740 | 0 | _aInred ute och inne | |
| 887 |
_a{"@id":"wf788t5721dhqtx","modified":"2016-08-01T11:19:08+02:00","checksum":"34426986607"} _2librisxl |
||
| 887 |
_a{"@id":"v06t8ss14cwnr8m","modified":"2014-04-01T11:40:42+02:00","checksum":"39780064927"} _2librisxl |
||
| 887 |
_a{"@id":"z39j2gh41lkbk66","modified":"2011-05-11T09:20:02+02:00","checksum":"58103814189"} _2librisxl |
||
| 887 |
_a{"@id":"26djx7m73lmv5fb","modified":"2010-08-03T13:36:47+02:00","checksum":"50887826293"} _2librisxl |
||
| 887 |
_a{"@id":"x28dq1s300znfkz","modified":"2010-06-30T11:15:55+02:00","checksum":"41638033305"} _2librisxl |
||
| 887 |
_a{"@id":"26djj33733508zn","modified":"2010-04-28T08:35:37+02:00","checksum":"50556019868"} _2librisxl |
||
| 887 |
_a{"@id":"04bgs04526wf1kl","modified":"2010-06-29T09:06:14+02:00","checksum":"54631470971"} _2librisxl |
||
| 887 |
_a{"@id":"9fmssh2g30h9j0w","modified":"2010-10-25T09:28:23+02:00","checksum":"51646739232"} _2librisxl |
||
| 942 |
_2z _cBOOK |
||